<?xml version="1.0" encoding="UTF-8"?>
<record
    xmlns:xsi="http://www.w3.org/2001/XMLSchema-instance"
    xsi:schemaLocation="http://www.loc.gov/MARC21/slim http://www.loc.gov/standards/marcxml/schema/MARC21slim.xsd"
    xmlns="http://www.loc.gov/MARC21/slim">

  <leader>00504nas a22001337a 4500</leader>
  <datafield tag="999" ind1=" " ind2=" ">
    <subfield code="c">1290</subfield>
    <subfield code="d">1290</subfield>
  </datafield>
  <controlfield tag="008">130327t20009999ag ||||| |||| 00| 0 spa d</controlfield>
  <datafield tag="245" ind1=" " ind2=" ">
    <subfield code="a">RP</subfield>
  </datafield>
  <datafield tag="260" ind1=" " ind2=" ">
    <subfield code="a">Neuquen,</subfield>
    <subfield code="b">Colegio Medico de Neuquen:</subfield>
    <subfield code="c">2000</subfield>
  </datafield>
  <datafield tag="300" ind1=" " ind2=" ">
    <subfield code="a">v. :</subfield>
  </datafield>
  <datafield tag="546" ind1=" " ind2=" ">
    <subfield code="a">espa&#xF1;ol</subfield>
  </datafield>
  <datafield tag="590" ind1=" " ind2=" ">
    <subfield code="a">Existencias: 2000 2(11-14); 2001 3(15-18); 2002 5(19-22); 2003 5(23-26); 2004 7(27) 8(28-30); 2006 9(35) 10(36-38); 2007 10(39,41,42); 2008 11(43-46); 2009 11(47) 13(49)
A&#xF1;o 2000 al 2009 BAJA EN DEPOSITO</subfield>
  </datafield>
  <datafield tag="650" ind1=" " ind2=" ">
    <subfield code="a">SALUD</subfield>
    <subfield code="9">1975</subfield>
  </datafield>
  <datafield tag="942" ind1=" " ind2=" ">
    <subfield code="2">ddc</subfield>
    <subfield code="c">CR</subfield>
  </datafield>
</record>
